Normal view
MARC view
Entry Topical Term
001 - CONTROL NUMBER
- control field: 25486
003 - CONTROL NUMBER IDENTIFIER
- control field: BD-DhEWU
005 - DATE AND TIME OF LATEST TRANSACTION
- control field: 20220223020509.0
008 - FIXED-LENGTH DATA ELEMENTS
- fixed length control field: 220223|| aca||aabn | a|a d
040 ## - CATALOGING SOURCE
- Original cataloging agency: BD-DhEWU
- Transcribing agency: BD-DhEWU
150 ## - HEADING--TOPICAL TERM
- Topical term or geographic name as entry element: Operations research
670 ## - SOURCE DATA FOUND
- Source citation: Work cat.: (BD-DhEWU)7073: Wagner, Harvey M. 25485, Principles of operations research : , 1969.